|
|
|
|
| LEADER |
00000nab a2200000 a 4500 |
| 001 |
vtls000771114 |
| 003 |
SK-MaSNL |
| 005 |
20260305031551.0 |
| 008 |
250429c2000 xo 0 slo |
| 015 |
|
|
|a SNBRA2001/10-29980
|
| 035 |
|
|
|a CLN000122901
|
| 035 |
|
|
|a urn:nbn:sk:snk-abmiu
|
| 035 |
|
|
|a (urnnbn)urn:nbn:sk:snk:ar-a03yms
|
| 035 |
|
|
|a (uuid)b6244420-1656-46dd-bf43-96091903ea4a
|
| 040 |
|
|
|a SNKBUCL
|b slo
|c SNKBUCL
|e AACR2
|
| 041 |
0 |
|
|a slo
|
| 044 |
|
|
|a xo
|c SK
|
| 080 |
|
|
|a 902.2(437.6)
|2 1997
|
| 100 |
1 |
|
|a Soják, Marián,
|d 1970-
|4 aut
|9 102637
|
| 245 |
1 |
0 |
|a Prieskum horného a dolného Spiša
|c Marián Soják
|
| 300 |
|
|
|b Fotogr., mp., obr., tab.
|
| 504 |
|
|
|a Res. nem.
|
| 504 |
|
|
|a Bibliogr. odkazy
|
| 650 |
0 |
7 |
|a archeologické nálezy
|2 SNKPH
|9 4975
|
| 651 |
|
7 |
|a Poprad (Slovensko : okres)
|2 snkbucl
|9 28675
|
| 651 |
|
7 |
|a Kežmarok (Slovensko : okres)
|2 snkbucl
|9 51824
|
| 651 |
|
7 |
|a Levoča (Slovensko : okres)
|2 snkbucl
|9 30131
|
| 651 |
|
7 |
|a Spišská Nová Ves (Slovensko : okres)
|2 snkbucl
|9 22259
|
| 651 |
|
7 |
|a Spiš (Slovensko : región)
|2 SNKPHgeo
|9 17692
|
| 655 |
|
7 |
|a články zo zborníkov
|2 snkbucl
|9 166140
|
| 773 |
0 |
|
|t Archeologické výskumy a nálezy na Slovensku v roku 1998
|d Nitra : Archeologický ústav Slovenskej akadémie vied, 2000
|g S. 149-160
|z 808870944X
|
| 850 |
|
|
|a Slovenská národná knižnica
|
| 852 |
|
|
|a Slovenská národná knižnica
|
| 954 |
|
|
|a odborná, vedecká literatúra pôvodná (slovenská)
|2 lita
|
| 958 |
|
|
|a article27
|
| 958 |
|
|
|a SK
|
| 958 |
|
|
|a NB
|
| 958 |
|
|
|a OND
|
| 958 |
|
|
|a EUIPO
|
| 999 |
|
|
|c 3316618
|d 3318548
|